| 000 | 01009nam a22002535a 4500 | ||
|---|---|---|---|
| 003 | OSt | ||
| 005 | 20170509121733.0 | ||
| 008 | 170509s2012 qa a fr f000 0 ara d | ||
| 020 | _a9789953022727 | ||
| 040 |
_aEG-ScBUE _bara _cEG-ScBUE _dEG-ScBUE |
||
| 043 | _af-ti--- | ||
| 082 | 0 | 4 |
_222 _a322.4409611 _bب ش ا |
| 100 | 1 |
_aبشارة، عزمي، _d1956- |
|
| 245 | 1 | 2 |
_aالثورة التونسية المجيدة : _bبنية ثورة وصيرورتها من خلال يومياتها / _cعزمي بشارة. |
| 246 | 3 | 3 |
_aTunisia : _bthe diary of a resplendent revolution in the making |
| 250 | _aط. 1. | ||
| 260 |
_aالدوحة : _bالمركز العربي للأبحاث ودراسة السياسات، _c2012. |
||
| 300 |
_a496 ص. : _bإيض. ؛ _c24 سم. |
||
| 504 | _aيشتمل على إرجاعات ببليوجرافية. | ||
| 650 | 7 |
_2BUEsh _aالثورات _zتونس _yقرن 21. |
|
| 651 | 7 |
_2BUEsh _aتونس _xتاريخ _yثورة، 2010- |
|
| 653 |
_bGGEN _cMay2017 |
||
| 942 | _2ddc | ||
| 999 |
_c24807 _d24779 |
||